| 000 | 00851nam a2200253 a 4500 | ||
|---|---|---|---|
| 001 | 57462 | ||
| 003 | BD-RjUL | ||
| 005 | 20211209080521.0 | ||
| 008 | 161210s1966 un ||||| |||| 00| 0 eng d | ||
| 035 | _a(BD-RjUL)57586 | ||
| 040 |
_aBD-RjUL _beng _cBD-RjUL |
||
| 041 | _aeng | ||
| 082 |
_223 _a338.109728 _bSOC 1966 |
||
| 245 |
_aSocial research and rural life in Central America, Mexico, and the Caribbean region / _c Egbert de Vries...et al |
||
| 250 | _a1st ed. | ||
| 260 |
_aParis: _bUnesco, _cc1966. |
||
| 300 |
_a257 p. ; _c21 cm. |
||
| 490 | _a Unesco.; Technology and society series. | ||
| 650 |
_aRural conditions _zCentral America _9170636 |
||
| 650 |
_aAgriculture _xEconomic aspects _zCentral America. _9172703 |
||
| 700 |
_a Vries, Egbert de _9170637 |
||
| 856 | _3 Unesco.; Technology and society series. | ||
| 942 |
_2ddc _cBK |
||
| 999 |
_c57462 _d57462 |
||